[Event "Rated Blitz game"]
[Site "?"]
[Date "2021.04.22"]
[Round "?"]
[White "danieljaber"]
[Black "magos33"]
[Result "0-1"]
[WhiteElo "2415"]
[BlackElo "2405"]
[PlyCount "54"]
[EventDate "2021.??.??"]
[EventType "blitz"]

1. e4 e5 2. Nf3 d5 3. Nxe5 Bd6 4. d4 dxe4 5. Nc4 Nf6 6. Nxd6+ Qxd6 7. Be2 O-O
8. Be3 Bf5 9. Nd2 Nbd7 10. c4 c5 11. Nb3 cxd4 12. Qxd4 Qxd4 13. Nxd4 Bg6 14.
O-O Rac8 15. Rac1 Ne5 16. Rfd1 Nd3 17. Rc3 Rfd8 18. a3 Nxb2 19. Rb3 Nxd1 20.
Bxd1 b6 21. Be2 Nd7 22. Nb5 Nc5 23. Rb1 Rd7 24. Bg4 f5 25. Be2 Bf7 26. Nd4 g6
27. g3 Na4 {Normal} 0-1

[Event "Rated Blitz game"]
[Site "?"]
[Date "2021.04.22"]
[Round "?"]
[White "ditzo_met"]
[Black "anjaya01"]
[Result "0-1"]
[WhiteElo "2347"]
[BlackElo "2405"]
[PlyCount "62"]
[EventDate "2021.??.??"]
[EventType "blitz"]

1. e4 e5 2. Nf3 d5 3. exd5 Bd6 4. d3 f5 5. Ng5 Nf6 6. Ne6 Qe7 7. Be2 Nxd5 8.
Ng5 O-O 9. O-O h6 10. Nf3 c5 11. Nc3 Nxc3 12. bxc3 Nc6 13. Re1 Qf6 14. Rb1 b6
15. Nd2 Be6 16. Bf3 Rac8 17. Nc4 Bxc4 18. dxc4 e4 19. Be2 Rcd8 20. Qd5+ Kh8 21.
f4 Bxf4 22. Bxf4 Rxd5 23. cxd5 Na5 24. Bc7 f4 25. Bg4 f3 26. Rxe4 fxg2 27. Rf4
Qe7 28. Rxf8+ Qxf8 29. d6 Qf4 30. d7 Qxc7 31. Rd1 Nc6 {Time forfeit} 0-1

[Event "Rated Blitz game"]
[Site "?"]
[Date "2021.04.22"]
[Round "?"]
[White "kill_mms"]
[Black "Taabling"]
[Result "0-1"]
[WhiteElo "2382"]
[BlackElo "2453"]
[PlyCount "37"]
[EventDate "2021.??.??"]
[EventType "blitz"]

1. e4 e5 2. Nf3 d5 3. Nc3 d4 4. Ne2 f6 5. c3 d3 6. Ng3 Be6 7. Nh4 c5 8. b3 c4
9. bxc4 Bxc4 10. Qh5+ g6 11. Qg4 Ne7 12. Ba3 Nbc6 13. f4 Bh6 14. f5 Qd7 15. Qf3
O-O-O 16. fxg6 hxg6 17. Qxf6 Rhf8 18. Bxe7 Rxf6 19. Bxf6 {Normal} 0-1

[Event "Rated Blitz game"]
[Site "?"]
[Date "2021.04.22"]
[Round "?"]
[White "sdirektor"]
[Black "magos33"]
[Result "1-0"]
[WhiteElo "2359"]
[BlackElo "2414"]
[PlyCount "107"]
[EventDate "2021.??.??"]
[EventType "blitz"]

1. e4 e5 2. Nf3 d5 3. Nxe5 Bd6 4. d4 dxe4 5. Nc3 Bxe5 6. dxe5 Qxd1+ 7. Kxd1 Bf5
8. Be3 Nc6 9. Bb5 O-O-O+ 10. Ke2 Nxe5 11. Rad1 Ne7 12. h3 a6 13. Ba4 Nc4 14.
Bb3 Nxe3 15. Kxe3 Bg6 16. g4 Rxd1 17. Rxd1 Re8 18. Nxe4 Bxe4 19. Kxe4 Nc6+ 20.
Kf3 f6 21. Rd2 Re7 22. Bg8 h6 23. Bh7 Ne5+ 24. Kg3 c5 25. Re2 Kd7 26. f4 Nc6
27. Rxe7+ Kxe7 28. Be4 Kd6 29. Kh4 Nd8 30. Kh5 b5 31. Kg6 Ne6 32. Bb7 Nxf4+ 33.
Kxg7 a5 34. h4 Ke5 35. Kxh6 Ne6 36. g5 fxg5 37. hxg5 Nxg5 38. Kxg5 Kd4 39. Ba6
b4 40. b3 Kc3 41. Bd3 Kb2 42. Kf5 Kxa2 43. Ke5 Ka3 44. Kd5 a4 45. bxa4 Kxa4 46.
Kxc5 b3 47. c4 b2 48. Kd6 Kb4 49. c5 Kc3 50. Bb1 Kd2 51. c6 Kc1 52. Ba2 b1=R
53. Bxb1 Kxb1 54. c7 {Time forfeit} 1-0

[Event "Rated Blitz game"]
[Site "?"]
[Date "2021.04.22"]
[Round "?"]
[White "kamblefy"]
[Black "Taabling"]
[Result "1-0"]
[WhiteElo "2512"]
[BlackElo "2418"]
[PlyCount "73"]
[EventDate "2021.??.??"]
[EventType "blitz"]

1. e4 e5 2. Nf3 d5 3. Nxe5 Bd6 4. d4 dxe4 5. Nc4 Nf6 6. Be2 Nc6 7. Nxd6+ Qxd6
8. Be3 O-O 9. Nc3 Rd8 10. Qd2 Nxd4 11. O-O-O c5 12. Kb1 Be6 13. g4 Qe7 14. g5
Ne8 15. Qe1 a6 16. h4 b5 17. h5 b4 18. Na4 Bxa2+ 19. Kxa2 Nxc2 20. Rxd8 Rxd8
21. Qc1 b3+ 22. Kb1 Rd4 23. Bxd4 cxd4 24. Bc4 Qb4 25. Bxb3 Na3+ 26. bxa3 Qxb3+
27. Nb2 Nd6 28. Qc7 Qe6 29. Qd8+ Ne8 30. Qxd4 h6 31. gxh6 Qxh6 32. Qxe4 Nf6 33.
Qd3 Qf4 34. Rc1 Qb8 35. Qxa6 Kh7 36. Rc8 Qb3 37. Qd3+ {Normal} 1-0

[Event "Rated Blitz tournament KF77vZzG"]
[Site "?"]
[Date "2021.04.22"]
[Round "?"]
[White "Souren"]
[Black "Turkmentiger2020"]
[Result "1/2-1/2"]
[WhiteElo "2549"]
[BlackElo "2603"]
[PlyCount "53"]
[EventDate "2021.??.??"]
[EventType "blitz"]

1. e4 e5 2. Nf3 d5 3. exd5 e4 4. Qe2 Be7 5. Qxe4 Nf6 6. Qa4+ c6 7. Nc3 O-O 8.
Be2 cxd5 9. O-O Nc6 10. d4 a6 11. Ne5 Qb6 12. Be3 Qxb2 13. Qb3 Qxb3 14. cxb3
Bf5 15. Bf3 Be4 16. Nxc6 bxc6 17. Nxe4 dxe4 18. Be2 Ba3 19. Bc1 Bd6 20. Bg5 Nd5
21. Rac1 Bf4 22. Bxf4 Nxf4 23. Rfe1 Rfd8 24. Rxc6 Nxe2+ 25. Rxe2 Rxd4 26. g3 g6
27. Kg2 {Normal} 1/2-1/2

[Event "Rated Blitz game"]
[Site "?"]
[Date "2021.04.22"]
[Round "?"]
[White "H0M3R0"]
[Black "anjaya01"]
[Result "1-0"]
[WhiteElo "2233"]
[BlackElo "2409"]
[PlyCount "93"]
[EventDate "2021.??.??"]
[EventType "blitz"]

1. e4 e5 2. Nf3 d5 3. exd5 Bd6 4. Nc3 f5 5. d3 a6 6. g3 Nf6 7. Bg2 O-O 8. O-O
b5 9. a3 Nbd7 10. Re1 Qe7 11. Ng5 h6 12. Ne6 Re8 13. Qf3 f4 14. Nxf4 exf4 15.
Rxe7 Rxe7 16. Bxf4 Ne5 17. Qd1 Bg4 18. f3 Bh5 19. Ne4 Nxe4 20. dxe4 Rf8 21. Qe2
g5 22. Bxe5 Bxe5 23. c3 Bd6 24. a4 b4 25. Rf1 a5 26. Qd3 Bg6 27. g4 h5 28. h3
hxg4 29. hxg4 Bc5+ 30. Kh2 Bd6+ 31. Kg1 Bc5+ 32. Rf2 Bxe4 33. Qc4 Bxf2+ 34.
Kxf2 Re5 35. d6+ Bd5 36. Qd4 cxd6 37. Kg3 bxc3 38. bxc3 Rc8 39. Bf1 Rf8 40. Bg2
Rf4 41. Qd3 Kg7 42. Qa6 Re3 43. Qxd6 Bxf3 44. Qc7+ Kg8 45. Qb8+ Rf8 46. Qb6
Bd5+ 47. Qxe3 {Time forfeit} 1-0

[Event "Rated Blitz tournament xDn6AdgP"]
[Site "?"]
[Date "2021.04.22"]
[Round "?"]
[White "Pecatur_Salatiga"]
[Black "om_gendut"]
[Result "0-1"]
[WhiteElo "2287"]
[BlackElo "2449"]
[PlyCount "73"]
[EventDate "2021.??.??"]
[EventType "blitz"]

1. e4 e5 2. Nf3 d5 3. d4 dxe4 4. Nxe5 Bd6 5. Bc4 Bxe5 6. dxe5 Qxd1+ 7. Kxd1 Nc6
8. Bf4 Bg4+ 9. Be2 O-O-O+ 10. Nd2 Bxe2+ 11. Kxe2 Nge7 12. Nc4 Ng6 13. Be3 Ngxe5
14. Nxe5 Nxe5 15. Rad1 Nc4 16. Bc1 Rxd1 17. Rxd1 Rd8 18. Rxd8+ Kxd8 19. b3 Nd6
20. Bf4 Kd7 21. Ke3 f5 22. Bxd6 cxd6 23. Kf4 Ke6 24. h3 d5 25. g4 g6 26. c3 Kf6
27. a4 a5 28. h4 h6 29. g5+ hxg5+ 30. hxg5+ Ke6 31. Ke3 Ke5 32. b4 f4+ 33. Ke2
b6 34. Kd2 Kf5 35. bxa5 bxa5 36. c4 dxc4 37. Kc3 {Normal} 0-1

[Event "Rated Rapid game"]
[Site "?"]
[Date "2021.04.22"]
[Round "?"]
[White "MYS-EVS"]
[Black "Mv17"]
[Result "0-1"]
[WhiteElo "2213"]
[BlackElo "2451"]
[PlyCount "46"]
[EventDate "2021.??.??"]
[EventType "rapid"]

1. e4 e5 2. Nf3 d5 3. Nxe5 Bd6 4. d4 dxe4 5. Bf4 Nf6 6. Bc4 O-O 7. O-O Nbd7 8.
Nc3 Qe7 9. Re1 Nxe5 10. dxe5 Bxe5 11. Bxe5 Qxe5 12. Nd5 Ng4 13. f4 Qxb2 14. Rb1
Qa3 15. Qd4 c6 16. Rb3 Qa5 17. Ne7+ Kh8 18. Rxe4 Rd8 19. Bxf7 Bf5 20. Nxf5 Qxf5
21. Re8+ Rxe8 22. Bxe8 Rxe8 23. h3 Re1# {Normal} 0-1

[Event "Rated Blitz game"]
[Site "?"]
[Date "2021.04.22"]
[Round "?"]
[White "WelshTiger"]
[Black "crazyboyalttantre"]
[Result "1-0"]
[WhiteElo "2449"]
[BlackElo "2421"]
[PlyCount "41"]
[EventDate "2021.??.??"]
[EventType "blitz"]

1. e4 e5 2. Nf3 d5 3. Nc3 d4 4. Nb1 c5 5. Bb5+ Bd7 6. Bxd7+ Nxd7 7. d3 f5 8.
exf5 Ngf6 9. O-O Bd6 10. Nbd2 O-O 11. Re1 Nd5 12. Nc4 Qe7 13. Bg5 N7f6 14.
Nfxe5 Bxe5 15. Rxe5 Qc7 16. a4 Ng4 17. Qxg4 a6 18. Rxd5 b5 19. Ne5 Qb7 20. Rd7
Qc8 21. Bf6 {Normal} 1-0

[Event "Rated Blitz game"]
[Site "?"]
[Date "2021.04.22"]
[Round "?"]
[White "Baatyste"]
[Black "DarthZannah"]
[Result "0-1"]
[WhiteElo "2337"]
[BlackElo "2503"]
[PlyCount "48"]
[EventDate "2021.??.??"]
[EventType "blitz"]

1. e4 e5 2. Nf3 d5 3. exd5 e4 4. Qe2 Nf6 5. Nc3 Be7 6. Nxe4 O-O 7. d3 Qxd5 8.
Bd2 Nc6 9. c4 Qh5 10. O-O-O Bg4 11. Ng3 Qc5 12. Bc3 Rfe8 13. d4 Qd6 14. d5 Nb4
15. Kb1 Qf4 16. a3 a5 17. Be5 Qh6 18. Bc3 Qg6+ 19. Ka1 Nc2+ 20. Ka2 Bxa3 21.
bxa3 Rxe2 22. Bxe2 Nb4+ 23. axb4 Qc2+ 24. Bb2 axb4# {Normal} 0-1

[Event "Rated Blitz tournament A5SrGrYG"]
[Site "?"]
[Date "2021.04.22"]
[Round "?"]
[White "blackhorse567"]
[Black "Schachelite"]
[Result "1-0"]
[WhiteElo "2370"]
[BlackElo "2405"]
[PlyCount "37"]
[EventDate "2021.??.??"]
[EventType "blitz"]

1. e4 e5 2. Nf3 d5 3. d4 dxe4 4. Nxe5 Bd6 5. Nc4 Nf6 6. Nxd6+ Qxd6 7. c3 O-O 8.
Nd2 b6 9. Nc4 Qe7 10. Ne3 Bb7 11. b3 Nbd7 12. a4 c5 13. d5 Qe5 14. Bb2 Nxd5 15.
Nxd5 Bxd5 16. Qd2 Bxb3 17. c4 Qe6 18. Qc3 e3 19. Qxg7# {Normal} 1-0

[Event "Rated Blitz tournament KF77vZzG"]
[Site "?"]
[Date "2021.04.22"]
[Round "?"]
[White "ALEX183492761"]
[Black "Turkmentiger2020"]
[Result "0-1"]
[WhiteElo "2273"]
[BlackElo "2597"]
[PlyCount "44"]
[EventDate "2021.??.??"]
[EventType "blitz"]

1. e4 e5 2. Nf3 d5 3. exd5 e4 4. Ne5 Bd6 5. d4 Nf6 6. Bc4 O-O 7. O-O c6 8. dxc6
Nxc6 9. f4 Qb6 10. Nxc6 bxc6 11. c3 Re8 12. Qb3 Qc7 13. Be3 Ng4 14. Re1 Nxe3
15. Rxe3 Bxf4 16. Re1 Bxh2+ 17. Kh1 Qf4 18. Rf1 Qh4 19. Rxf7 Bg3+ 20. Kg1 Qh2+
21. Kf1 Qh1+ 22. Ke2 Qe1# {Normal} 0-1

[Event "Rated Blitz game"]
[Site "?"]
[Date "2021.04.22"]
[Round "?"]
[White "AMVAEN"]
[Black "magos33"]
[Result "1-0"]
[WhiteElo "2306"]
[BlackElo "2416"]
[PlyCount "89"]
[EventDate "2021.??.??"]
[EventType "blitz"]

1. e4 e5 2. Nf3 d5 3. exd5 e4 4. Nd4 Qxd5 5. Nb3 Nf6 6. Nc3 Qe5 7. Be2 Bd6 8.
d4 exd3 9. Qxd3 Bf5 10. Qb5+ Nbd7 11. Qxe5+ Bxe5 12. Bd3 Bxd3 13. cxd3 O-O-O
14. d4 Bd6 15. O-O Nb6 16. Bg5 Be7 17. Rfe1 Rhe8 18. Re2 h6 19. Bh4 Nfd5 20.
Nxd5 Nxd5 21. Rae1 Kd7 22. Bxe7 Rxe7 23. Nc5+ Ke8 24. Rxe7+ Nxe7 25. Nxb7 Rb8
26. Na5 Kd7 27. Rxe7+ Kxe7 28. Nc6+ Kd6 29. Nxb8 Kd5 30. Na6 Kxd4 31. Nxc7 Kd3
32. f4 Kc2 33. Nb5 a5 34. Nd6 Kxb2 35. Nc4+ Kxa2 36. Nxa5 Ka3 37. Kf2 Kb4 38.
Nc6+ Kc5 39. Ne5 f6 40. Ng4 Kd4 41. Kf3 h5 42. Ne3 g6 43. h4 Kd3 44. f5 gxf5
45. Nxf5 {Time forfeit} 1-0

[Event "Rated Blitz game"]
[Site "?"]
[Date "2021.04.22"]
[Round "?"]
[White "Peao_Assassino"]
[Black "magos33"]
[Result "0-1"]
[WhiteElo "2407"]
[BlackElo "2413"]
[PlyCount "50"]
[EventDate "2021.??.??"]
[EventType "blitz"]

1. e4 e5 2. Nf3 d5 3. d4 dxe4 4. Nxe5 Bd6 5. Nc4 Nf6 6. Nc3 Bf5 7. Bg5 Be7 8.
Ne3 Bg6 9. Be2 O-O 10. h4 h5 11. Bxf6 Bxf6 12. Bxh5 Bh7 13. Ncd5 Nc6 14. c3
Bxh4 15. g3 Bg5 16. Qd2 Ne7 17. Nf4 Nf5 18. O-O-O Nxe3 19. fxe3 Qd6 20. Qh2 Bh6
21. Rdg1 c5 22. g4 f6 23. Bg6 Bxg6 24. Nxg6 Qxh2 25. Rxh2 Bxe3+ {Normal} 0-1

[Event "Rated Blitz game"]
[Site "?"]
[Date "2021.04.22"]
[Round "?"]
[White "monty82"]
[Black "Rusert"]
[Result "0-1"]
[WhiteElo "2450"]
[BlackElo "2490"]
[PlyCount "38"]
[EventDate "2021.??.??"]
[EventType "blitz"]

1. e4 e5 2. Nf3 d5 3. exd5 e4 4. Qe2 Nf6 5. Nc3 Be7 6. Nxe4 O-O 7. d3 Re8 8.
Be3 Nxd5 9. O-O-O f5 10. Nc3 Bf6 11. Qd2 Nxc3 12. bxc3 Qd6 13. Bd4 Qa3+ 14. Kb1
Re6 15. Qc1 Qa5 16. Bxf6 Rb6+ 17. Ka1 gxf6 18. a3 Qxc3+ 19. Ka2 Be6# {Normal}
0-1

[Event "Rated Blitz game"]
[Site "?"]
[Date "2021.04.22"]
[Round "?"]
[White "Pilotodepruebas"]
[Black "pasha1984"]
[Result "1-0"]
[WhiteElo "2349"]
[BlackElo "2449"]
[PlyCount "25"]
[EventDate "2021.??.??"]
[EventType "blitz"]

1. e4 e5 2. Nf3 d5 3. Nxe5 dxe4 4. Bc4 Qg5 5. d4 Qxg2 6. Rf1 Be6 7. Bxe6 fxe6
8. Qh5+ g6 9. Qe2 Nc6 10. Qb5 Nge7 11. Qxb7 Rb8 12. Qxc7 Rc8 13. Qd7# {Normal}
1-0

[Event "Rated Blitz game"]
[Site "?"]
[Date "2021.04.22"]
[Round "?"]
[White "miguelsanchez65"]
[Black "Barrocoenfurecido"]
[Result "1-0"]
[WhiteElo "2413"]
[BlackElo "2269"]
[PlyCount "79"]
[EventDate "2021.??.??"]
[EventType "blitz"]

1. e4 e5 2. Nf3 d5 3. Nxe5 dxe4 4. d4 Be6 5. Nc3 f5 6. Bc4 Bxc4 7. Nxc4 Nf6 8.
Bg5 Nbd7 9. f3 Bb4 10. O-O Bxc3 11. bxc3 O-O 12. fxe4 fxe4 13. Rb1 b6 14. Qe2
Qe8 15. Ne3 Qg6 16. Bf4 c5 17. a4 Rac8 18. a5 cxd4 19. cxd4 Kh8 20. axb6 axb6
21. c4 Nh5 22. Nd5 Rf7 23. Be3 Rxf1+ 24. Rxf1 Ndf6 25. Ne7 Qe8 26. Nxc8 Qxc8
27. d5 b5 28. cxb5 Nxd5 29. Qxh5 Nxe3 30. Re1 Ng4 31. h3 Nf6 32. Qe5 h6 33. b6
Qc6 34. Rb1 Qb7 35. Qc7 Qd5 36. b7 Qd4+ 37. Kh1 e3 38. b8=Q+ Kh7 39. Qc2+ Ne4
40. Qe8 {Time forfeit} 1-0

[Event "Rated Blitz game"]
[Site "?"]
[Date "2021.04.22"]
[Round "?"]
[White "dima110299"]
[Black "magos33"]
[Result "1-0"]
[WhiteElo "2462"]
[BlackElo "2415"]
[PlyCount "113"]
[EventDate "2021.??.??"]
[EventType "blitz"]

1. e4 e5 2. Nf3 d5 3. d4 dxe4 4. Nxe5 Bd6 5. Nc3 Bxe5 6. dxe5 Qxd1+ 7. Kxd1 Bf5
8. Nd5 Na6 9. Bxa6 O-O-O 10. Ke2 Rxd5 11. Bc4 Rxe5 12. Be3 Bg6 13. Bd4 Re8 14.
Bxg7 Ne7 15. Bxh8 Rxh8 16. g4 Nc6 17. c3 Ne5 18. Bb3 Nxg4 19. f3 Ne5 20. fxe4
Bxe4 21. Rhg1 Kd7 22. Rad1+ Ke7 23. Rd4 Bg6 24. Kf2 f6 25. Re1 c5 26. Rd5 b6
27. Rdxe5+ fxe5 28. Rxe5+ Kf6 29. Re6+ Kg7 30. Re7+ Kh6 31. Rxa7 Rb8 32. Bd5
Kg5 33. Rb7 Rxb7 34. Bxb7 Kf4 35. Ke2 Bf7 36. a3 Bc4+ 37. Kd2 h6 38. b4 cxb4
39. cxb4 Ke5 40. Kc3 Bf7 41. Ba6 Bd5 42. Bc4 Be4 43. Bd3 Bd5 44. Bf1 Bc6 45. b5
Bd5 46. Kb4 Be4 47. a4 Bd5 48. a5 bxa5+ 49. Kxa5 Kd6 50. Ka6 Be4 51. Ka7 Bd5
52. b6 Bc6 53. Ba6 Bd5 54. Bb7 Be6 55. Bf3 Bc8 56. Be2 Kc5 57. Ba6 {Time
forfeit} 1-0

[Event "Rated Rapid game"]
[Site "?"]
[Date "2021.04.22"]
[Round "?"]
[White "Heinichess"]
[Black "Bauneuide"]
[Result "1-0"]
[WhiteElo "2317"]
[BlackElo "2457"]
[PlyCount "135"]
[EventDate "2021.??.??"]
[EventType "rapid"]

1. e4 e5 2. Nf3 d5 3. Nxe5 dxe4 4. d4 exd3 5. Bxd3 Nd7 6. Nf3 Qe7+ 7. Be3 a6 8.
O-O Ndf6 9. Nc3 h6 10. Re1 Be6 11. Nd4 O-O-O 12. Qf3 Bd7 13. Bxa6 Ne4 14. Nxe4
Qb4 15. c3 Qb6 16. Bc4 Nf6 17. Nb5 c5 18. a4 Nxe4 19. Qxe4 g5 20. a5 Qa6 21.
Qe5 Bxb5 22. Bxb5 Qxb5 23. Qxh8 Qc6 24. a6 Kc7 25. a7 b6 26. a8=Q Rxa8 27. Rxa8
Qxa8 28. Qf6 Qd5 29. Qf3 Qxf3 30. gxf3 Bd6 31. Rd1 f5 32. Rd5 Kd7 33. Rxf5 Ke6
34. Rxg5 hxg5 35. Bxg5 c4 36. f4 b5 37. Kf1 Kf5 38. Ke2 b4 39. cxb4 Bxb4 40. h4
Bf8 41. Kd2 Bg7 42. Kc2 Kg6 43. f3 Kf5 44. b4 Ke6 45. b5 Kd6 46. f5 Be5 47. f4
Bd4 48. f6 Ke6 49. h5 Kf7 50. b6 Bxb6 51. Kc3 Be3 52. Kxc4 Bxf4 53. Bxf4 Kxf6
54. Kd5 Kf5 55. Kd6 Kf6 56. Kd7 Kf5 57. Ke7 Kg4 58. h6 Kxf4 59. h7 Ke3 60. h8=Q
Ke2 61. Qh3 Kf2 62. Ke6 Ke2 63. Ke5 Kf2 64. Ke4 Ke2 65. Qg2+ Kd1 66. Kd3 Kc1
67. Qa2 Kd1 68. Qa1# {Normal} 1-0

[Event "Rated Blitz game"]
[Site "?"]
[Date "2021.04.22"]
[Round "?"]
[White "ketpat1"]
[Black "magos33"]
[Result "1-0"]
[WhiteElo "2338"]
[BlackElo "2418"]
[PlyCount "33"]
[EventDate "2021.??.??"]
[EventType "blitz"]

1. e4 e5 2. Nf3 d5 3. Nxe5 Bd6 4. d4 dxe4 5. Bf4 Nf6 6. Nc3 O-O 7. Bc4 Bf5 8.
O-O Nbd7 9. Re1 Qe7 10. Nxd7 Qxd7 11. Bg5 Be7 12. Qd2 Rad8 13. Rad1 h6 14. Bxf6
Bxf6 15. Qf4 Bxd4 16. Nd5 Bg6 17. Rxd4 {Normal} 1-0

[Event "Rated Blitz game"]
[Site "?"]
[Date "2021.04.22"]
[Round "?"]
[White "Baatyste"]
[Black "DarthZannah"]
[Result "0-1"]
[WhiteElo "2331"]
[BlackElo "2510"]
[PlyCount "46"]
[EventDate "2021.??.??"]
[EventType "blitz"]

1. e4 e5 2. Nf3 d5 3. exd5 e4 4. Qe2 Nf6 5. Nc3 Be7 6. Nxe4 O-O 7. d3 Qxd5 8.
Bd2 Nc6 9. c4 Qh5 10. O-O-O Bg4 11. h3 Nd4 12. Qe3 Bxf3 13. gxf3 Qxf3 14. Qxd4
Qxh1 15. Be2 Qg2 16. Qe3 Nxe4 17. dxe4 Rad8 18. Bc3 Rxd1+ 19. Kxd1 Rd8+ 20. Kc2
Bg5 21. Qf3 Qxf3 22. Bxf3 Bh4 23. e5 c6 {Normal} 0-1

[Event "Rated Blitz game"]
[Site "?"]
[Date "2021.04.22"]
[Round "?"]
[White "Ahmed-abdelsattar"]
[Black "jsequera"]
[Result "1-0"]
[WhiteElo "2503"]
[BlackElo "2493"]
[PlyCount "41"]
[EventDate "2021.??.??"]
[EventType "blitz"]

1. e4 e5 2. Nf3 d5 3. Nxe5 Bd6 4. d4 dxe4 5. Qe2 Nf6 6. Nc3 Nc6 7. Nxc6 bxc6 8.
Bg5 O-O 9. Nxe4 Re8 10. f3 Bf5 11. O-O-O Rb8 12. Qd3 Bxe4 13. fxe4 Rxe4 14.
Bxf6 Bf4+ 15. Kb1 Qxf6 16. Qxe4 Bd6 17. Bd3 g6 18. Rhf1 Qg7 19. Bc4 Rf8 20.
Rxf7 Rxf7 21. Rf1 {Normal} 1-0

[Event "Rated Blitz game"]
[Site "?"]
[Date "2021.04.22"]
[Round "?"]
[White "castrong"]
[Black "pasha1984"]
[Result "1-0"]
[WhiteElo "2369"]
[BlackElo "2431"]
[PlyCount "81"]
[EventDate "2021.??.??"]
[EventType "blitz"]

1. e4 e5 2. Nf3 d5 3. Nxe5 dxe4 4. d4 Bd6 5. Bf4 Nf6 6. Nc3 O-O 7. Bc4 Nbd7 8.
Nxd7 Bxd7 9. Bg5 Bc6 10. O-O h6 11. Bh4 g5 12. Bg3 Bxg3 13. hxg3 Re8 14. Re1
Qd6 15. d5 Bd7 16. Qd4 c5 17. Qd2 a6 18. a4 Rad8 19. a5 Kg7 20. Ra3 Bc8 21. Rb3
Re7 22. Rb6 Qe5 23. f3 e3 24. Qd1 Qxg3 25. d6 Re5 26. Ne2 Qf2+ 27. Kh1 g4 28.
Nf4 gxf3 29. gxf3 Qh4+ 30. Kg1 Qxf4 31. Re2 Kh8 32. Rg2 Rg8 33. Qe2 Reg5 34.
Rxg5 Rxg5+ 35. Kf1 Ne4 36. d7 Ng3+ 37. Ke1 Bxd7 38. Qh2 e2 39. Rxh6+ Kg8 40.
Rh8+ Kg7 41. Qh6# {Normal} 1-0

[Event "Rated Blitz game"]
[Site "?"]
[Date "2021.04.22"]
[Round "?"]
[White "Villafuerte_Dr"]
[Black "Arkadag2020"]
[Result "0-1"]
[WhiteElo "2377"]
[BlackElo "2504"]
[PlyCount "44"]
[EventDate "2021.??.??"]
[EventType "blitz"]

1. e4 e5 2. Nf3 d5 3. exd5 e4 4. Qe2 Be7 5. Qxe4 Nf6 6. Qe2 O-O 7. c4 Re8 8.
Kd1 c6 9. dxc6 Nxc6 10. Qd3 Bg4 11. Qxd8 Raxd8 12. Be2 Bc5 13. Rf1 Ne4 14. Kc2
Nxf2 15. Bd1 Bf5+ 16. Kb3 Na5+ 17. Ka4 Bd7+ 18. Kxa5 b6+ 19. Ka6 Nd3 20. Bb3
Nb4+ 21. Kb7 Bc6+ 22. Kc7 Rd7# {Normal} 0-1

[Event "Rated Blitz game"]
[Site "?"]
[Date "2021.04.22"]
[Round "?"]
[White "NebilSelami"]
[Black "anjaya01"]
[Result "0-1"]
[WhiteElo "2310"]
[BlackElo "2414"]
[PlyCount "92"]
[EventDate "2021.??.??"]
[EventType "blitz"]

1. e4 e5 2. Nf3 d5 3. Nxe5 Bd6 4. Nxf7 Kxf7 5. Qh5+ g6 6. Qxd5+ Be6 7. Qxb7 Nd7
8. d4 Rb8 9. Qa6 Rb6 10. Qd3 Kg7 11. f4 Kf6 12. e5+ Kg7 13. exd6 Bf5 14. Qc3
cxd6 15. d5+ Ngf6 16. Bd3 Re8+ 17. Kf2 Kf7 18. h3 Bxd3 19. cxd3 Nc5 20. Be3
Nfe4+ 21. dxe4 Nxe4+ 22. Kf3 Qh4 23. Qe1 Ng3 24. Qxg3 Rxe3+ 25. Kxe3 Qxg3+ 26.
Kd4 Qxf4+ 27. Kd3 Qg3+ 28. Kc2 Qxg2+ 29. Nd2 Rxb2+ 30. Kxb2 Qxd2+ 31. Kb3 Qxd5+
32. Kc3 Kg7 33. Rad1 Qxa2 34. Rhe1 Qa3+ 35. Kc4 Qxh3 36. Re7+ Kf6 37. Rxa7 Qg4+
38. Rd4 Qe2+ 39. Kd5 Qe5+ 40. Kc4 Qc5+ 41. Kd3 Qxa7 42. Rxd6+ Ke5 43. Rc6 Qa3+
44. Kc4 Qc1+ 45. Kb5 Qxc6+ 46. Kxc6 g5 {Time forfeit} 0-1

[Event "Rated Blitz game"]
[Site "?"]
[Date "2021.04.22"]
[Round "?"]
[White "fidezivkovic"]
[Black "Engvangchess"]
[Result "1-0"]
[WhiteElo "2438"]
[BlackElo "2339"]
[PlyCount "37"]
[EventDate "2021.??.??"]
[EventType "blitz"]

1. e4 e5 2. Nf3 d5 3. Nxe5 Bd6 4. d4 dxe4 5. Bc4 Bxe5 6. Qh5 Qe7 7. dxe5 Be6 8.
Bxe6 Qxe6 9. Nc3 Nc6 10. Bf4 O-O-O 11. O-O g6 12. Qe2 Nxe5 13. Qxe4 Nc4 14.
Qxe6+ fxe6 15. b3 e5 16. Bg3 Nd2 17. Rfd1 Nh6 18. Bxe5 Rhe8 19. Bf4 {Normal}
1-0

[Event "Rated Blitz game"]
[Site "?"]
[Date "2021.04.22"]
[Round "?"]
[White "pangazmat"]
[Black "anjaya01"]
[Result "1-0"]
[WhiteElo "2380"]
[BlackElo "2421"]
[PlyCount "109"]
[EventDate "2021.??.??"]
[EventType "blitz"]

1. e4 e5 2. Nf3 d5 3. Nxe5 Bd6 4. d4 dxe4 5. Bc4 Bxe5 6. dxe5 Qxd1+ 7. Kxd1 Nc6
8. Bf4 Bg4+ 9. Kc1 O-O-O 10. Nd2 f5 11. exf6 Nxf6 12. Re1 Rhe8 13. b3 h6 14.
Kb2 g5 15. Be3 Ne5 16. h3 Bh5 17. a4 a6 18. a5 Bg6 19. Rad1 Bh5 20. Ra1 Bg6 21.
Bf1 Re6 22. Nc4 Nc6 23. Bc5 Nd7 24. Be3 Nf6 25. Be2 Nd5 26. Bg4 Bf7 27. Bxe6+
Bxe6 28. Bc5 Bf5 29. Rad1 Bg6 30. Ne3 Nf4 31. Rxd8+ Kxd8 32. Rd1+ Ke8 33. b4 h5
34. c4 Nd3+ 35. Kc3 Nxf2 36. Rf1 Nd3 37. Rf8+ Kd7 38. Rg8 Nf4 39. g3 Bf7 40.
Rg7 Ke6 41. gxf4 gxf4 42. Nd5 Ne5 43. Nxf4+ Kf5 44. Nxh5 Bxh5 45. Rxc7 Bf3 46.
b5 axb5 47. cxb5 Kf4 48. Rc8 e3 49. Rf8+ Ke4 50. Re8 e2 51. Kd2 Bh5 52. Re7 Kd5
53. Bf2 Nc4+ 54. Kc3 Nxa5 55. Rh7 {Time forfeit} 1-0

[Event "Rated Blitz game"]
[Site "?"]
[Date "2021.04.22"]
[Round "?"]
[White "Baatyste"]
[Black "DarthZannah"]
[Result "1-0"]
[WhiteElo "2337"]
[BlackElo "2505"]
[PlyCount "61"]
[EventDate "2021.??.??"]
[EventType "blitz"]

1. e4 e5 2. Nf3 d5 3. exd5 e4 4. Qe2 Nf6 5. d3 Qxd5 6. Nc3 Bb4 7. Bd2 Bxc3 8.
Bxc3 O-O 9. Nd2 exd3 10. Qxd3 Re8+ 11. Be2 Qxd3 12. cxd3 Nd5 13. f3 Nf4 14. Ne4
f5 15. Ng3 Nxg2+ 16. Kf2 Nf4 17. d4 Nxe2 18. Nxe2 Be6 19. Rhg1 g6 20. Nf4 Bf7
21. h4 Nc6 22. h5 Ne7 23. hxg6 Nxg6 24. Nh5 Red8 25. Rae1 Bd5 26. Re7 Kh8 27.
Rxg6 hxg6 28. Nf6 Bg8 29. d5 Rf8 30. Nh5+ Rf6 31. Bxf6# {Normal} 1-0

[Event "Rated Blitz game"]
[Site "?"]
[Date "2021.04.22"]
[Round "?"]
[White "Quilga"]
[Black "Gifroy"]
[Result "0-1"]
[WhiteElo "2404"]
[BlackElo "2428"]
[PlyCount "126"]
[EventDate "2021.??.??"]
[EventType "blitz"]

1. e4 e5 2. Nf3 d5 3. Nc3 dxe4 4. Nxe4 Nf6 5. Nxf6+ Qxf6 6. Qe2 Nc6 7. c3 Bg4
8. d3 O-O-O 9. Bg5 Bxf3 10. Qe3 Qf5 11. Bxd8 Bd5 12. Bh4 f6 13. O-O-O Bxa2 14.
Be2 h5 15. h3 Bb3 16. g4 Qe6 17. Rdg1 Qd5 18. Bd1 Bxd1 19. Rxd1 Qa2 20. g5 Na5
21. Kc2 Ba3 22. Rb1 Qb3+ 23. Kc1 Qxc3+ 24. Kd1 Qb3+ 25. Ke2 Be7 26. Rhc1 Rd8
27. Rc3 Qb5 28. Rbc1 Nc6 29. Kf1 Qd5 30. Kg1 Rd7 31. gxf6 gxf6 32. Qe4 Qe6 33.
Kh2 Nd4 34. Qg6 c6 35. Qe8+ Rd8 36. Qxh5 Qd5 37. Bg3 Nf3+ 38. Kh1 Nh4+ 39. f3
Nxf3 40. R1c2 Ne1+ 41. Kg1 Nxc2 42. Qf5+ Qd7 43. Qxd7+ Rxd7 44. Rxc2 Rxd3 45.
Kg2 Re3 46. h4 Re4 47. h5 Bd6 48. h6 Rg4 49. h7 f5 50. h8=Q+ Kd7 51. Qh7+ Ke6
52. Rf2 f4 53. Qh3 Kf5 54. Kh2 Kg5 55. Bh4+ Kg6 56. Rg2 Rxg2+ 57. Qxg2+ Kf5 58.
Qg5+ Ke4 59. Qg6+ Ke3 60. Bf2+ Kxf2 61. Qg1+ Ke2 62. Qd1+ Kxd1 63. Kg2 Kc2 {
Time forfeit} 0-1

[Event "Rated Blitz game"]
[Site "?"]
[Date "2021.04.22"]
[Round "?"]
[White "jsemkurina"]
[Black "pasha1984"]
[Result "0-1"]
[WhiteElo "2432"]
[BlackElo "2441"]
[PlyCount "20"]
[EventDate "2021.??.??"]
[EventType "blitz"]

1. e4 e5 2. Nf3 d5 3. Nxe5 dxe4 4. Bc4 Qg5 5. Nxf7 Qxg2 6. Rf1 Bg4 7. f3 Bxf3
8. Be2 Be7 9. d4 Bh4+ 10. Kd2 Kxf7 {Normal} 0-1